Building electro-optical systems: making it all work

Gardado en:
Detalles Bibliográficos
Autor Principal: Hobbs, Philip C. D (Author)
Formato: Libro
Idioma:inglés
Publicado: Hoboken John Wiley and Sons 2009
Edición:2a. ed
Series:Wiley Series in Pure and Applied Optics
Subjects:
Tags: Engadir etiqueta
Sen Etiquetas, Sexa o primeiro en etiquetar este rexistro!

MARC

LEADER 00000cam a2200000 a 4500
001 UCG9020
003 CL-VaPUC
008 120120e20090000US |||||||||||||||||eng|d
020 |a 9780470402290 
082 0 4 |a 621.381045  |b HOB  |2 21 
100 0 |a Hobbs, Philip C. D  |e author  |9 560353 
245 1 0 |a Building electro-optical systems: making it all work 
250 |a 2a. ed 
300 |a 799 p 
942 |c BK 
945 |d 20120120 00:00:00  |a cmena 
260 |a Hoboken  |b John Wiley and Sons  |c 2009 
650 7 |a OPTOELECTRONICA  |2 CL-VaPUC  |9 431256 
650 0 |a Dispositivos electrónicos   |9 355274 
650 0 |a Diseño y construcción  |9 260862 
650 7 |a FIBRA OPTICA  |2 CL-VaPUC  |9 406978 
650 0 |a Procesamiento de señales   |9 260702 
583 |a last modification  |c 20120120 10:38:00  |k Rodrigo Vera 
490 0 |a Wiley Series in Pure and Applied Optics 
999 |c 346605  |d 346603 
952 |0 0  |1 0  |4 0  |6 621_381045000000000_HOB_2009  |7 0  |8 A  |9 447357  |a BIBING  |b BIBING  |d 2019-11-22  |i 4839625  |o 621.381045 HOB 2009  |p 4839625  |r 2025-01-20  |w 2019-11-22  |y BK  |k EIE